000 00250nam a2200109Ia 4500
008 220204s9999 xx 000 0 und d
082 _a82-3
_bMIC
100 _aMichener, James A
245 0 _aChesapeake
260 _aLondon
_bCorgi
_c1978
942 _cBK
999 _c35274
_d35274